| 000 | 00512nam a22001811a 4500 | ||
|---|---|---|---|
| 003 | NEGST | ||
| 005 | 20160603020003.0 | ||
| 008 | 030618s1993 001 0 eng d | ||
| 100 | 1 | _aChoms, Esther. | |
| 245 | 1 | 4 |
_aThe resources and services of the Nairob _cEsther Choms. _h[Text] |
| 260 |
_a[S.l.] _b[s.n.] _c1993 |
||
| 300 | _avi, 60p. | ||
| 500 | _aResearch project (B.L.S.) Ahmadu Bello University, 1993. | ||
| 590 | _aAccession number: 18330 | ||
| 650 | 0 | _aNEGST Library. | |
| 942 | 0 | 0 | _01 |
| 999 |
_c39307 _d39307 |
||